000 00357nam a2200145Ia 4500
008 191201s2005 xx 000 0 und d
082 _a621.381
_bMIE
100 _aMILLMAN, jacob
245 0 _aElectronic Devices and Circuits
250 _a33th Rep
260 _aN.Delhi
_bTata McGraw Hill
_c2005
300 _a752
650 _aB.Tech(ECE)
942 _2ddc
_cBK
999 _c804
_d804